000 00664nam a2200241Ia 4500
003 OSt
005 20221006164910.0
006 a|||||r|||| 00| 0
007 ta
008 221006b |||||||| |||| 00| 0 eng d
024 _a1,360
037 _cTextual
040 _aFML
_cFML
_beng
041 _2eng
_aeng
082 _aNRV55wN11, P8
100 _aLalitha M Au.
_9678430
245 0 _aViolin Maestro - V Lakshminarayana Iyer
260 _aDelhi
_bSandeep Prakashan
_c2008
300 _a275
_ccm.
700 _a Nandini M Au.
_9678632
942 _hNRV55wN11, P8
_cTEXL
_2CC
999 _c1118872
_d1118872